Central Library OPAC University of Rajshahi

History of the Islamic peoples / (Record no. 32390)

MARC details
000 -LEADER
fixed length control field 01135nam a2200289 a 4500
001 - CONTROL NUMBER
control field 32390
003 - CONTROL NUMBER IDENTIFIER
rucl marc code BD-RjUL
005 - DATE AND TIME OF LATEST TRANSACTION
control field 20211209051828.0
008 - FIXED-LENGTH DATA ELEMENTS--GENERAL INFORMATION
fixed length control field 181014r19521949enkb b 001 0 eng d
035 ## - SYSTEM CONTROL NUMBER
System control number (BD-RjUL)32479
040 ## - CATALOGING SOURCE
Original cataloging agency DLC
Transcribing agency OCP
Modifying agency ZHM
-- EQO
-- BD-RjUL
Language of cataloging eng
041 1# - LANGUAGE CODE
Language code of text/sound track or separate title eng
Language code of original ger
082 ## - DEWEY DECIMAL CLASSIFICATION NUMBER
Classification number 953
Edition number 23
Author mark and year BRH 1952
100 1# - MAIN ENTRY--PERSONAL NAME
Personal name Brockelmann, Carl,
Dates associated with a name 1868-1956.
9 (RLIN) 223747
245 10 - TITLE STATEMENT
Title History of the Islamic peoples /
Statement of responsibility, etc. by Carl Brockelmann
260 ## - PUBLICATION, DISTRIBUTION, ETC. (IMPRINT)
Place of publication, distribution, etc. London :
Name of publisher, distributor, etc. Routledge & Kegan Paul,
Date of publication, distribution, etc. 1949.
300 ## - PHYSICAL DESCRIPTION
Pagination xix, 566 p. :
Illustrations Ill. ;
Size 23 cm.
500 ## - GENERAL NOTE
General note Translation of: Geschichte der Islamischen Volker und Staaten, 1939. ; [translated by Joel Carmichael and Mosche Perlmann from the German Geschicte der Islamischen Volker und Staaten].
General note Bibliography: p. 523-534 - Includes index.
650 ## - SUBJECT ADDED ENTRY--TOPICAL TERM
Topical term or geographic name as entry element Islam
General subdivision History.
9 (RLIN) 223748
651 #0 - SUBJECT ADDED ENTRY--GEOGRAPHIC NAME
Geographic name Islamic countries
General subdivision History
9 (RLIN) 223749
Geographic name Islamic Empire
General subdivision History
9 (RLIN) 223750
700 1# - ADDED ENTRY--PERSONAL NAME
Personal name Carmichael, Joel, tr.
Personal name Perlmann, Moshe, jt. tr.
942 ## - ADDED ENTRY ELEMENTS (KOHA)
Source of classification or shelving scheme Dewey Decimal Classification
Koha item type Rare Books
Holdings
Lost status Source of classification or shelving scheme Damaged status Not for loan Collection code Permanent Location Current Location Shelving location Date acquired Total Checkouts Full call number Date last seen Copy number Koha item type
  Dewey Decimal Classification   Not For Loan Rare Books Central Library, University of Rajshahi Central Library, University of Rajshahi Rare Book Section 14/10/2018   RA 953 BRH 1952 14/10/2018 C-1 Rare Books